000 01856pab a2200181 454500
008 180718b2014 xxu||||| |||| 00| 0 eng d
100 _aNoordegraaf, Mirko
245 _aFragmented or connective professionalism? Strategies for professionalizing the work of strategists and other (organizational) professionals
260 _c2014
300 _ap.21-38.
520 _aMany professionals, especially organizational ones (managers, controllers, strategists), face difficulties in organizing their professional fields. Work ambiguities and dependencies on outsiders make it difficult to set homogeneous standards and shelter occupational domains. Professionalism tends to be fragmented. It is questionable, however, whether professionalization is a matter of either enforced regulation or fragmented regulatory forms. More connective forms of professional control might enable groups to establish professional domains, despite ambiguities and dependencies. In order to understand professionalization dynamics in public domains and the relevance of connective professionalism, we study the development of one particular field, strategists in government. We show that the professionalization of Dutch strategists is fragmented: strategists are a varied and mobile group; they have different ideas about work; they depend on many other actors and factors. We also show that strategists opt for either more enforced forms of professionalism, or less professional control. Finally, we show how they might establish connective professionalism. By enacting embedded work spaces, strategists can reconfigure their work. This is also relevant for other (organizational) professionals. - Reproduced.
650 _aManagers
700 _aTwist, Mark Van
700 _aSteen, Martijn Van Der
773 _aPublic Administration
908 _aN
909 _a103774
999 _c103770
_d103770